00499nam a2200193 a 4500001001300000003000900013005001700022008004100039020001000080082002100090100001600111245002200127260002500149300000900174500003500183505004800218650002300266700001600289nice12345678IN_TiNIC20260116015045.0050524s1994 dela grp 000 0 eng  ac10000a270.820954bPHI1 aPhilip, T V aEcumenism in Asia aDelhi bISPCK c1994 a174p aincludes index and biblioraphy2 aBibliography, Notes, Acknowledgments, Index aEcumenicalism-Asia1 aPhilip, T V